[Event "Star Palmyra op 2nd"]
[Site "Odessa"]
[Date "2004.08.12"]
[Round "8"]
[White "Fingerov, Dmitry"]
[Black "Atalik, Suat"]
[Result "0-1"]
[WhiteElo "2349"]
[BlackElo "2554"]
[Annotator "Atalik,S"]
[PlyCount "128"]
[EventDate "2004.08.04"]
[EventType "swiss"]
[EventRounds "9"]
[EventCountry "UKR"]
[SourceTitle "CBM 102"]
[Source "ChessBase"]
[SourceDate "2004.09.23"]
[SourceVersion "1"]
[SourceVersionDate "2004.09.23"]
[SourceQuality "1"]

1. e4 e5 2. Nf3 Nc6 3. d4 exd4 4. Nxd4 Nf6 {I am not a real adherent of this
move but playing this weak ticket in this situation made me to take this kind
of slight risks.} 5. Nc3 {A toothless line as expected since he had a recent
game in this one in database.} (5. Nxc6 $142 bxc6 6. e5 Qe7 7. Qe2 Nd5 8. c4
Nb6 9. Nc3 $14 {is the real man's choice.}) 5... Bb4 6. Nxc6 bxc6 7. Bd3 O-O 8.
O-O d5 9. exd5 cxd5 10. Bg5 {Draw offer. The dude thinks I am dead or what
chesswise I feel still alive so I even did not respond to his invitation to
share points.} c6 11. h3 {I am not so much against this one but I can not
refrain myself from laughing at it. What is the real point behind it?} (11. Qf3
Bd6 $5 $13 (11... Be7 12. Rfe1 Re8 $13)) (11. Na4 h6 12. Bh4 Re8 $13 {are the
known lines to me.}) 11... h6 12. Bh4 Bd6 13. Kh1 $146 {Another strange move
is he going for f2-f4 thrust or what?} ({I was expecting something like} 13.
Qf3 Rb8 14. Rab1 Re8 $36) 13... Rb8 14. Rb1 Rb4 {I know that it is an empty
move but I have suddenly became brain-dead, could not see anything better than
this.} (14... Re8 $5 15. f4 Rb4 16. Ne2 c5 17. a3 Rb6 18. Nc3 Be7 19. Re1 (19.
Bxf6 $6 Bxf6 20. Nxd5 Rxb2) 19... Re6 20. Rxe6 fxe6 $15) 15. Bg3 (15. g4 $6 {
I have briefly looked at this one.} Re8 $1 (15... h5 $6 16. a3 Rb7 17. f3) 16.
a3 Rb7 17. Qf3 Be5 $15) 15... Bxg3 16. fxg3 Re8 17. Rf4 $2 {This shows really
poor understanding!} (17. a3 $6 Rb7 $1 18. b4 Rbe7 $40) (17. Qf3 $6 Rb7 $1) (
17. g4 Qb6 (17... Qd6 18. Qf3 Rb7 19. Ba6 Rbe7 20. Bxc8 Rxc8 21. Rfe1 Rce8 22.
Qf2 $11) 18. b3 Qe3 19. Re1 Qxe1+ 20. Qxe1 Rxe1+ 21. Rxe1 Be6 $11) 17... Rxf4
18. gxf4 c5 $2 {I have also reacted bad to the situation.} (18... Re3 $6 19.
Qd2 Qe7 20. Rf1 Nh5 21. Rf2 $15 {goes nowhere but}) (18... d4 $1 {was really
strong!} 19. Ne2 c5 $17 20. b4 $140 (20. c4 Bb7) 20... Nd5 21. bxc5 (21. Bb5
Ne3) 21... Ne3 22. Qd2 Bxh3 $1 23. Nxd4 Bxg2+ 24. Kg1 Qc8 (24... Qh4 $4 25.
Qxe3 $18) (24... Bh3 25. Nf3 Qc8 26. Ne5 Rxe5 27. fxe5 Qg4+ 28. Kh2 Qf4+ 29.
Kxh3 g5 30. Rb4 g4+ 31. Kh4 Nf5+ $19) 25. Nf5 Nxf5 26. Qxg2 Qxc5+ 27. Qf2 Ne3
28. Rb5 Qd4 $19) 19. Qf3 c4 ({Of course} 19... d4 $2 20. Ne4 {was not my idea.}
) 20. Bf1 Bf5 21. Qf2 $8 (21. Rd1 $2 Bxc2 22. Rd2 Be4 $19) (21. Rc1 $2 d4 22.
Ne2 Re3 23. Qc6 Rxh3+) 21... Qa5 $5 {That was all planned but I have already
understood that I have given my opponent chances for a narrow escape!} (21...
Qb6 22. Qxb6 axb6 23. Rc1 d4 24. Ne2 $1 (24. Nb5 $2 d3 25. cxd3 cxd3 26. Rd1
Nd5 $1 27. Bxd3 Ne3 28. Bxf5 Nxd1 $19) 24... d3 25. Ng3 Bh7 26. cxd3 cxd3 27.
f5 d2 (27... Bxf5 $2 28. Rd1 $1) 28. Rd1 Rd8 29. Kg1 $132) 22. a3 $5 ({And
what I am supposed to do after} 22. Qd2 $142 Rd8 23. Rd1 Rd7 24. Ne4 Qxa2 25.
Nxf6+ gxf6 $15 {is not looking that great.}) (22. Rd1 $2 Rb8 23. Qd2 Rxb2 24.
Nxd5 Qxd2 25. Rxd2 Nxd5 26. Rxd5 Be6 27. Rc5 Rxc2 28. f5 Rc1 29. Kg1 Bd7 30.
Kf2 Kf8 (30... c3 31. Bd3) 31. g4 c3 32. Bd3 Ke7 33. Ke3 Rh1 34. Kd4 Rxh3 35.
Rc7 Kd6 36. Rxa7 Rh4 $19) 22... Ne4 23. Nxe4 Bxe4 24. Rd1 c3 {I was relying on
this move but he is really close to have some compensation after this whole
almost forced line.} 25. bxc3 Qxc3 (25... Qxa3 26. Bd3 Qxc3 27. Qxa7 Bxd3 28.
cxd3 Qc2 29. Ra1 Qxd3 30. Qd7 Rb8 31. Kh2 $44 {looks also like a tough nut to
crack.}) 26. Kh2 $1 {I was anticipating this one. My extra pawn does not do
much since it can not march up the board yet.} (26. Qxa7 $2 Qxc2 $1 {is very
simple} (26... Qxh3+ 27. Kg1 Qc3 $1 (27... Qg4 $2 28. Rd2 Qxf4 29. Rf2 $11) (
27... Qg3 $2 28. Qf2 Qxa3 29. c4 $11) 28. Qd7 Qe3+ 29. Kh1 Re6 $40) 27. Qd4 (
27. Ra1 Qc3) 27... Ra8 28. Ra1 Qb3 29. a4 Qxh3+ 30. Kg1 Qf5 31. a5 Qxf4 32. a6
Qg3 33. a7 f5 34. Qc5 f4 $19 {should be winning!}) 26... Qxa3 {My intuition
already started to talk to me that going for the material will not work
against proper defence but eventually my greed prevailed.} ({Perhaps I should
have tried to grind him down with} 26... a5 $142 27. a4 Rc8 (27... Bxc2 $6 28.
Rxd5 Bxa4 29. Qa7 $11) 28. Bd3 Qb4 29. Bxe4 dxe4 $15) 27. c4 $1 $44 Rd8 $5 {
Selfpin should never be one of a serious chessplayer's weapons but I did not
want to give him a2-g8 diagonal that easy.} (27... Qb3 28. Rd4 $1 Qb6 29. Qd2
$44) (27... dxc4 28. Bxc4 Qb4 29. Ba2 $44) 28. Qd4 Qd6 29. Qe3 {This came as a
surprise!} ({He did not fall for} 29. g3 $2 Qa3 $1 30. Bg2 Re8 $1 31. Rd2 (31.
Re1 Qa2) 31... Bxg2 32. Rxg2 dxc4 33. Qxc4 a5 $17) 29... Qb8 30. cxd5 Bxd5 $8 (
30... Rxd5 $2 31. Ra1) 31. Qd4 {This looked idiotic but what about the
alternatives.} (31. Qe5 Be6) (31. Qf2 a5) 31... Rd7 32. Qe5 $1 Qxe5 33. fxe5
Be6 34. Ra1 $1 $11 {How to win this?I have to go with my king to help my a
pawn to be pushed but what happens if he goes for the bishops trade meanwhile?}
Kf8 35. Be2 Ke7 36. Kg3 (36. Bf3 $6 Bc4 37. Kg3 (37. Bg4 Rb7 38. Bf3 Rc7 39.
Rc1 Ke6 $1 $17) 37... a6 $17 {is a slight progress but still...}) 36... Rb7 (
36... f6 37. exf6+ Kxf6 38. Bg4 Bxg4 39. Kxg4 Ke5 40. h4 $11) 37. Kf4 (37. Bf3
$6 Rc7 38. Kf4 Kd8 39. h4 Bc4 $17) 37... Kd7 38. Ra6 $4 $138 {I have got
really relieved after this. Not only he failed to exchange bishops he also
made my run completed to the queenside.} (38. Bg4 Bxg4 39. Kxg4 Kc6 40. Kf5 Kd5
41. Ra5+ Kd4 42. Ra4+ Kc5 43. Ra1 Re7 44. g4 Kb6 45. Rb1+ Kc6 46. Ra1 Kb7 47.
Rb1+ Ka8 48. Ra1 Kb8 49. h4 $11) 38... Kc7 39. Bf3 Rb4+ 40. Ke3 Kb8 41. Rd6 $6
{Another strange move, I believe he needs his rook in vertical attack.} (41.
Ra1 g6 $5 $19) 41... Rb3+ $5 (41... a5 42. Ra6 Ra4) 42. Kd4 Rb2 43. Kc5 Kc7 44.
Rc6+ Kd7 45. Rd6+ Ke7 46. Rd4 Ra2 $2 {Why do I need this for, can not I play a
mistake free game these days?} (46... a5 47. Ra4 Ra2 48. Rxa2 Bxa2 49. Kb5 Ke6
$19) 47. Rb4 g6 48. Rb7+ Kf8 49. Rb8+ Kg7 50. Ra8 h5 $1 $19 {Now I wanted to
squeeze him with h4 and Kh6 -g5.} 51. Kd6 (51. h4 Ra4 52. Kd6 Rxh4 53. Rxa7 Kh6
54. Ra1 Rd4+ 55. Kc5 Rd2 $19) 51... a5 52. h4 {Now even the bishops exchange
does not help him.} (52. Bd5 Bxd5 53. Kxd5 Rxg2 54. Rxa5 Rg3 55. h4 Rd3+ 56.
Kc5 g5 57. hxg5 h4 58. Ra4 h3 59. Rh4 Kg6 $19) 52... a4 53. Ke7 (53. Kc5 Bb3
54. Bc6 Rf2 55. Bxa4 Bxa4 56. Rxa4 Rxg2 57. Kd5 g5 58. hxg5 Kg6 59. Rf4 Rxg5
60. Rf6+ Kg7 61. Rf4 Rg4 62. Rf1 h4 63. e6 fxe6+ 64. Kxe6 Kg6 65. Ke5 h3 66.
Rh1 Rh4 $19 {wins since his king is badly cut off.}) 53... Ra1 {Do not hurry!}
(53... a3 54. Ra5 g5 55. hxg5 Kg6 56. g3 Kxg5 57. Bc6 Ra1 58. Bd7 Kf5 59. Bxe6+
fxe6 60. Kf7 Re1 61. Rxa3 Rxe5 62. Ra4 Re2 $19) 54. Ra5 Bb3 {I had to chose
between this and the pawn push.} (54... a3 55. Bd5 Bxd5 56. Rxd5 Re1 57. Ra5 a2
58. Rxa2 Rxe5+ 59. Kd6 Re3 $1 {Threatening Rg3-g4 so only way for him is to
generate an attack against my f7.} 60. Kd7 Rg3 61. Ke8 Rg4 62. Ra7 Re4+ 63. Re7
Re6 $1 64. Kd7 Kf6 $1 (64... Rxe7+ $4 65. Kxe7 Kg8 66. Ke8 f5 67. Ke7 Kg7 68.
Ke6 $11) 65. Re8 Kf5 66. Rf8 f6 $19) 55. g4 (55. Bd5 Re1 56. Bxb3 axb3 57. Rb5
b2 58. Rxb2 Rxe5+ 59. Kd6 Re3 $19 {is similar to the line mentioned above.})
55... Rf1 $5 {Let us play cat and mouse!} ({Of course I have seen} 55... a3 56.
gxh5 a2 57. h6+ Kh7 $19) 56. Bc6 hxg4 57. e6 Bxe6 (57... fxe6 58. Bxa4 Ra1 $19)
58. Rxa4 Rf2 59. Rb4 Rh2 (59... g3 60. Rb1 g2 61. Rg1 Bh3 $19) 60. Rf4 Rxh4 61.
Be8 g3 {is this a combination common be serious.} 62. Rf1 (62. Rxh4 g2 63. Bxf7
g1=Q 64. Kxe6 (64. Bxe6 Qg5+ $19) 64... Qe1+ $19) 62... g2 63. Rg1 Bd5 64. Kd6
Rh1 {Strangely he decided to end his agony.} 0-1

[Event "Moscow op 01st"]
[Site "Moscow"]
[Date "2005.02.28"]
[Round "6"]
[White "Kim, Alexey"]
[Black "Atalik, Suat"]
[Result "1/2-1/2"]
[WhiteElo "2434"]
[BlackElo "2560"]
[Annotator "Atalik,S"]
[PlyCount "93"]
[EventDate "2005.02.25"]
[EventType "swiss"]
[EventRounds "9"]
[EventCountry "RUS"]
[SourceTitle "CBM 106"]
[Source "ChessBase"]
[SourceDate "2005.06.06"]
[SourceVersion "1"]
[SourceVersionDate "2005.06.06"]
[SourceQuality "1"]

1. e4 e5 2. Nf3 Nc6 3. Nc3 Nf6 4. d4 exd4 5. Nxd4 Bb4 6. Nxc6 bxc6 7. Bd3 O-O (
{I did not want to give him} 7... d5 8. exd5 cxd5 9. Qe2+ $5) 8. O-O d5 9. exd5
cxd5 10. Qf3 c6 11. Bg5 {Draw offer.} Rb8 $5 {I was in a fighting mood.} 12.
Ne2 $1 {Actually this has killed my mood immediately.} Bg4 {A meek move
forcing some ending with opposite colored bishops. Since I was not so sure
about the value of alternatives I have thought that I would have prevailed in
such an endgame where he has no counterplay.} (12... h6 13. Bxf6 Qxf6 14. Qxf6
gxf6 15. Nd4 Bc5 (15... Bd7 16. Bf5 $1) 16. Nxc6 Rxb2 17. Rfb1 Rb6 18. Rxb6
axb6 19. Bb5 $1 $14) (12... Bd6 $5 13. Nd4 Bd7 14. Rab1 Be5 15. c3 Qc7 16. h3
Rfe8 17. Nf5 Bxf5 18. Bxf5 Ne4 19. Bxe4 dxe4 $11) 13. Bxf6 Bxf3 14. Bxd8 Bxe2
15. Bxe2 Rfxd8 16. Bf3 Ba5 $1 {This is always a point when Rb8 is there.} 17.
b3 c5 18. Rad1 d4 19. Be4 Re8 (19... g6 20. Bd3) 20. Bd3 g6 21. f4 $5 {An
unexpected push. However I believe that it is a good move because it is trying
to prevent my f5.} Re3 (21... f5 $6 22. g4 $1 fxg4 23. f5 gxf5 24. Rxf5 $11)
22. Rf2 (22. f5 $6 Kg7 23. Bc4 f6) 22... Rbe8 23. g3 Be1 24. Rg2 h5 25. Kf1 Kg7
26. Re2 Ba5 27. Rxe3 Rxe3 28. Kf2 f5 $5 {First I have to fix my pawns on white.
} (28... h4 29. gxh4 Rh3 30. f5 Rxh4 31. fxg6 fxg6 (31... Rxh2+ 32. Kg1 $11)
32. Kg2 $11) 29. Rf1 {He is simply waiting.} (29. h4 Kf6) 29... h4 30. Rg1 h3
$1 (30... Kf6 $2 31. g4 $1 Rh3 (31... Bd2 32. Rd1) 32. gxf5 Rxh2+ 33. Kf3 (33.
Rg2 Be1+ 34. Kf3 Rh3+ 35. Kg4 Rg3+ 36. Rxg3 hxg3 37. Kf3 gxf5 $11) 33... gxf5
34. Rg5 Rh3+ 35. Kg2 $11) 31. Rb1 ({Setting him up nicely for} 31. g4 $4 Bd8 $1
$19) 31... Kf6 32. a3 $1 $11 g5 33. fxg5+ (33. b4 cxb4 34. axb4 Bc7 35. fxg5+ (
35. Ra1 $2 gxf4) 35... Kxg5 {transposes.}) 33... Kxg5 34. b4 cxb4 35. axb4 Bc7
36. b5 $1 {Finally he has reached an unbreakable position.} f4 37. gxf4+ Kxf4 (
37... Bxf4 38. Rg1+ Kf6 {This seemed to me even easier than the text to handle.
} 39. Rg4 $5 Ke5 40. Kg1 Re1+ (40... Rf3 41. Rh4) 41. Kf2 Rh1 42. Kf3 Bxh2 43.
Rh4 Bg1 44. Kg4 Be3 (44... h2 $4 45. Rh5+ $18) 45. Rxh3 Rxh3 46. Kxh3 $11) 38.
Re1 $1 {I have forgotten about this.} Bd8 (38... Rxe1 39. Kxe1 Kf3 40. Kf1 Bxh2
41. Bf5 Kg3 $11 {is a dead draw since he has no weaknesses on the other wing.})
39. Rxe3 dxe3+ 40. Ke2 Bg5 41. Bc4 (41. c4 Be7) 41... Ke5 42. Kf3 Kd4 43. Bf1
Kc3 44. Ke2 $5 Kb4 45. Kf3 Kc3 46. Bxh3 Kxc2 47. Ke2 {Another stupid draw!}
1/2-1/2

[Event "St Petersburg zt"]
[Site "St Petersburg"]
[Date "1993.??.??"]
[Round "9"]
[White "Rublevsky, Sergei"]
[Black "Gavrilov, Alexei"]
[Result "1-0"]
[WhiteElo "2510"]
[BlackElo "2400"]
[Annotator "Belov,I"]
[PlyCount "83"]
[EventDate "1993.01.??"]
[EventType "swiss"]
[EventRounds "9"]
[EventCountry "RUS"]
[SourceTitle "CBM 034"]
[Source "ChessBase"]
[SourceDate "1993.06.01"]
[SourceVersion "1"]
[SourceVersionDate "1993.06.01"]
[SourceQuality "1"]

1. e4 e5 2. Nf3 Nc6 3. Nc3 Nf6 4. d4 exd4 5. Nxd4 Bb4 6. Nxc6 bxc6 7. Bd3 d5 8.
exd5 cxd5 9. O-O O-O 10. Bg5 c6 (10... Bxc3 11. bxc3 h6 12. Bh4 Qd6 13. Qf3 Bg4
14. Qg3 Qxg3 15. Bxg3 Ne4 $1 16. Bxc7 Nxc3 $10 {Svidler-Smyslov,V/Moskva/1992/}
) 11. Na4 h6 (11... Be7 12. Re1 Be6 13. c3 Qc7 14. Qf3 Rfe8 {Lautier,J-Sokolov,
I/Correze (m/5)/1992/} 15. b4 Nd7 16. Bxe7 Rxe7 17. Qe3 $1 $14) 12. Bh4 Bd6 (
12... Be7 13. Re1 Be6 14. c3 Re8 (14... Nd7 15. Bxe7 Qxe7 16. Bc2 Rfe8 17. Qd3
g6 (17... Nf6 18. b4 Qd6 19. Nc5 Re7 20. Re3 Rae8 21. h3 Bc8 $10 {
Arkhipov-Tseitlin,Mikh/Moskva/1992/}) 18. Re3 Nb6 19. Rae1 Qd6 $10 {Wohl-Hifny,
M}) 15. Bc2 $14 {Lautier,J-Sokolov,I/Correze (m/3)/1992/} Nd7 16. Bxe7 Qxe7 17.
Qd3 g6 18. Re3 $14) (12... Re8 13. c4 $1 Rb8 14. Rc1 Be6 15. cxd5 (15. b3 $14)
15... Bxd5 16. Bc4 (16. Bb1 Bd6 17. Bg3 Rb4 18. a3 Rb8 19. Qd4 $1 $14) 16...
Bd6 17. b3 Be5 18. Bxd5 cxd5 19. Rc5 g5 20. Bg3 Qd6 21. Qc2 $14 {Lautier,
J-Campos,M/Manila ol/1992/}) 13. Re1 c5 (13... Rb8 14. c3 $6 (14. b3) 14... c5
(14... Bg4 15. Qc2 g5 16. Bg3 Nh5 17. Bxd6 Qxd6 18. Re3 Rbe8 19. Qd2 Nf4 20. b4
Rxe3 21. fxe3 Ne6 $15 {Arkhipov-Zaitsev,I/Moskva/1992/}) 15. Bc2 Bd7 16. Rb1 g5
$1 $15 {Georgiev,Kir-Nikolic,P/Bruxelles/1992/}) 14. b3 $1 Be6 15. Qf3 Rb8 (
15... g5 $5 16. Bg3 Bg4 17. Qe3 Re8 18. Qd2 $14) 16. Bf5 $1 $14 Rb4 17. Bg3
Bxf5 (17... Qd7 18. Bxe6 fxe6 19. Bxd6 Qxd6 20. Qg3 Qc6 21. f3 $14) 18. Qxf5 g6
$6 (18... Bxg3 $5 19. hxg3 Qd6 $14) 19. Qf3 Kg7 20. Rad1 Bxg3 21. Qxg3 $16 Qa5
(21... Qc8 22. Re7) (21... Rb5 22. c4 $18) 22. Re7 {/\ 23.Qc7+-} Rc8 23. Qd6 {
/\ 24.Qe6 Rf8 25.Qc6} Re4 24. Rxe4 dxe4 25. c4 $1 Rc7 (25... Qc7 26. Qxc7 Rxc7
27. Kf1 $16) 26. Qe5 $1 Rd7 27. Rf1 Rd2 $6 (27... Qc7 $142 28. Qxc7 Rxc7 29.
Rd1 $16) 28. Nc3 $18 Rd4 29. Nd5 Qd8 30. h4 Rd2 31. g4 {/\ 32.g5} Rxd5 32. cxd5
Qxd5 33. Qxd5 Nxd5 34. Rc1 Nb4 35. Rxc5 Nxa2 36. Ra5 Nc1 37. b4 Ne2+ 38. Kf1
Nd4 39. Rxa7 Kf6 40. Rd7 Nc2 41. b5 Ke6 42. Rd2 1-0

[Event "RUS-chT2"]
[Site "Podolsk"]
[Date "1993.??.??"]
[Round "?"]
[White "Pugachov, Alexey"]
[Black "Notkin, Maksim"]
[Result "1-0"]
[WhiteElo "2455"]
[BlackElo "2360"]
[Annotator "Belov,I"]
[PlyCount "97"]
[EventDate "1993.??.??"]
[EventType "team"]
[EventRounds "9"]
[EventCountry "RUS"]
[SourceTitle "CBM 038"]
[Source "ChessBase"]
[SourceDate "1994.02.01"]
[SourceVersion "1"]
[SourceVersionDate "1994.02.01"]
[SourceQuality "1"]

1. e4 e5 2. Nf3 Nc6 3. Nc3 Nf6 4. d4 exd4 5. Nxd4 Bb4 6. Nxc6 bxc6 7. Bd3 d5 8.
exd5 Qe7+ 9. Qe2 Nxd5 (9... cxd5 10. Bd2 Qxe2+ 11. Kxe2 c6 12. Na4 Bd6 13. Be3
O-O 14. f3 $1 $14 {Shirov,A-Karpov,A Moscow 1992/}) (9... Qxe2+ 10. Kxe2 Nxd5
11. Nxd5 cxd5 12. Bb5+ Bd7 13. Bxd7+ Kxd7 14. Rd1 Rhe8+ 15. Be3 Kc6 16. c4 $1
dxc4 17. Rd4 $1 $16 {Oll,L-Beliavsky,A Manila ol 1992 Inf 55/313/}) 10. Qxe7+
$1 Kxe7 11. a3 Ba5 (11... Bxc3+ 12. bxc3 Be6 13. O-O f6 14. c4 Nb6 15. Be4 Bxc4
16. Re1 $14 {Lautier,J-Karpov,A Biel 1992 Inf 55/312/}) 12. b4 Bb6 $146 (12...
Bxb4 13. axb4 Nxc3 14. Bb2 Nd5 15. Bxg7 Rg8 16. Be5 $16) (12... Nxc3 13. bxa5
$16 {Karpov/}) 13. Ne2 Nf6 (13... Rd8 14. Bb2 f6 $6 (14... Nf6) 15. Bxh7 $16)
14. Bb2 Rd8 15. O-O a5 (15... Be6 16. Nf4 $16) 16. bxa5 Rxa5 17. a4 Ba6 18. Bc3
$1 (18. Bxa6 $6 Rxa6 19. Bc3 Ne4 20. Bxg7 Rd2 $17) 18... Bxd3 19. cxd3 Ra6 (
19... Rad5 20. a5 Ba7 21. d4 $14) 20. a5 Bc5 (20... Ba7 21. Rfe1 Kf8 22. Bxf6
gxf6 23. Nf4 $16) 21. Rfc1 Bd6 22. Nd4 $1 {/\23.Nc6 Rc6 24.Bf6+-/} Kd7 23. Nf5
Nd5 $1 24. Bxg7 Rda8 25. Nxd6 cxd6 26. Ra4 $1 Rxa5 27. Rh4 h5 $6 (27... Rg8 $5
28. Ba1 (28. Rxh7 Nf4 $13) 28... h5 29. g3 (29. Rxh5 Rxg2+ $1 30. Kxg2 Nf4+)
29... Ne7 $14) 28. Rxh5 Nf4 29. Rxa5 Rxa5 30. Ra1 Rd5 (30... Rxa1+ 31. Bxa1 f5
32. h4 Ke6 $14) 31. h4 Rxd3 32. Ra4 Nh5 33. Bh8 f5 34. Ra7+ Ke6 35. Rh7 Nf4 36.
h5 Rd1+ 37. Kh2 Rf1 38. h6 Rxf2 39. Rg7 $16 Rxg2+ $2 (39... Ra2 40. h7 c5 41.
Rg8 Ra7 42. Bg7 Ng6 43. h8=Q Nxh8 44. Bxh8 $16) 40. Rxg2 Nxg2 41. Kxg2 Kf7 42.
Bd4 Kg6 43. Be3 $18 d5 44. Kf3 d4 45. Bf4 c5 46. Ke2 c4 47. Kd2 Kf7 48. Kc2 Kf6
49. Kb2 {Ka3-b4/} 1-0

[Event "RUS-chT2"]
[Site "Podolsk"]
[Date "1993.??.??"]
[Round "?"]
[White "Pugachov, Alexey"]
[Black "Zaitsev, Igor A"]
[Result "1-0"]
[WhiteElo "2455"]
[BlackElo "2450"]
[Annotator "Belov,I"]
[PlyCount "93"]
[EventDate "1993.??.??"]
[EventType "team"]
[EventRounds "9"]
[EventCountry "RUS"]
[SourceTitle "CBM 038"]
[Source "ChessBase"]
[SourceDate "1994.02.01"]
[SourceVersion "1"]
[SourceVersionDate "1994.02.01"]
[SourceQuality "1"]

1. e4 e5 2. Nf3 Nc6 3. Nc3 Nf6 4. d4 exd4 5. Nxd4 Bb4 6. Nxc6 bxc6 7. Bd3 d5 8.
exd5 cxd5 9. O-O c6 10. Bg5 h6 11. Bh4 O-O 12. Na4 Bd6 13. Re1 Rb8 (13... c5
14. b3 $1 Be6 15. Qf3 Rb8 16. Bf5 $16 {Rublevsky,S-Gavrilov,A S-Peterburg 1993/
}) 14. b3 $5 $146 (14. c3 $6 Bg4 (14... c5 15. Bc2 Bd7 16. Rb1 g5 17. Bg3 Qc7
$15 {Georgiev,Kir-Nikolic,Dr Brusseles 1992/}) 15. Qc2 g5 16. Bg3 Nh5 $11 {
Arkhipov,S-Zaitsev,I Moscow 1992/}) 14... Bf4 (14... Be6 15. Qf3 g5 16. Bg3 Bg4
17. Qe3 $16) (14... Rb4 15. c4 Be6 16. cxd5 (16. Qf3 dxc4) 16... cxd5 17. Bg3
$14) 15. c4 Qd6 (15... Be6 16. Nc5) 16. Bg3 Bxg3 17. hxg3 Bd7 (17... Be6 18.
Qc2 $14) 18. cxd5 cxd5 19. Nc3 Rfc8 20. Rc1 Rc7 (20... d4 21. Nb5 $1 Rxc1 (
21... Bxb5 22. Rxc8+ Rxc8 23. Bxb5 Qb6 24. Bc4 $14) 22. Nxd6 Rxd1 23. Rxd1 Rb6
24. Nc4 $16) 21. Ne2 (21. Qd2 Qb4 $1) 21... Bg4 $5 22. f3 (22. Qd2 Bxe2 23.
Rxc7 Qxc7 24. Rxe2 Rc8 $14) 22... Qb6+ 23. Kf1 Bd7 24. Rxc7 (24. Qd2 $5) 24...
Qxc7 25. Qc1 $1 Qa5 26. Qb2 Bb5 $1 27. Bxb5 Qxb5 28. Qd4 $14 Rc8 29. Rd1 Re8
30. Rd2 a5 31. Kf2 Qd7 32. g4 Qe7 33. Rc2 h5 $2 (33... Qe6 34. Qd2 Qb6+ 35. Nd4
Nh7 $14) 34. g5 Nh7 35. g6 $1 $16 fxg6 36. Qxd5+ Kh8 37. Qxa5 Qh4+ 38. Kg1 Ng5
$2 (38... Qe7 $16) 39. Rc4 $18 Nxf3+ 40. gxf3 Qh3 41. Re4 Rf8 42. Rf4 Re8 43.
Re4 Rf8 44. Re3 Kh7 (44... Rxf3 45. Qa8+ $18) 45. Qg5 Rxf3 46. Rxf3 Qxf3 47.
Nf4 (47. Nf4 Qd1+ 48. Kh2 Qd2+ 49. Kh3 Qe3+ 50. Qg3 Qe4 51. Qxg6+ Qxg6 52. Nxg6
Kxg6 53. a4 $18) 1-0

[Event "Alushta4"]
[Site "Alushta"]
[Date "1994.??.??"]
[Round "7"]
[White "Golubev, Mikhail"]
[Black "Malaniuk, Vladimir P"]
[Result "1/2-1/2"]
[WhiteElo "2560"]
[BlackElo "2595"]
[Annotator "Blatny,P"]
[PlyCount "60"]
[EventDate "1994.??.??"]
[EventType "tourn"]
[EventRounds "9"]
[EventCountry "UKR"]
[EventCategory "13"]
[SourceTitle "CBM 042"]
[Source "ChessBase"]
[SourceDate "1994.10.01"]
[SourceVersion "1"]
[SourceVersionDate "1994.10.01"]
[SourceQuality "1"]

1. e4 e5 2. Nf3 Nc6 3. Nc3 Nf6 4. d4 exd4 5. Nxd4 Bb4 6. Nxc6 bxc6 7. Bd3 d5 8.
exd5 cxd5 (8... Qe7+ 9. Qe2 Qxe2+ 10. Kxe2 Nxd5 11. Nxd5 cxd5 12. Bb5+ Bd7 13.
Bxd7+ Kxd7 14. Rd1 Ke6 $1 15. c4 dxc4 16. Rd4 Bd6 17. Rxc4 Rhb8 $10 {
Golubev-Varavin/Alushta4/1994/}) 9. O-O O-O 10. Bg5 c6 11. Na4 h6 12. Bh4 Re8
13. c4 Bd6 $1 (13... Be6 14. Rc1 Qe7 15. cxd5 cxd5 16. Bb5 $14) 14. cxd5 (14.
Rc1 Bf4 15. Rc2 Qd6 $36) 14... cxd5 15. Nc3 (15. Rc1 Bf4 16. Rc6 g5 17. Bg3 Bd7
$15) (15. Bb5 Re6) 15... Be5 $10 16. Re1 (16. Nxd5 $4 Qxd5 17. Bxf6 Bb7 $1 $19
{0:1 Shvidler-Malaniuk/St.Peterburg/1993/}) 16... Bb7 17. Qd2 (17. Qf3 Rb8 {
קb2}) 17... Qb6 (17... Qd6 18. Bg3 Bxg3 19. hxg3 d4 20. Nb5 Qd5 21. f3 $13)
18. Bg3 Bxg3 19. hxg3 Ne4 20. Bxe4 dxe4 21. Rad1 Rad8 $15 {_|_} 22. Qc1 Rxd1
23. Nxd1 Qa5 24. Nc3 Qb4 25. Qd2 Re6 26. a3 Qb6 (26... Qb3 $142) 27. b4 Qa6 28.
Qd8+ Kh7 29. Qd7 Qxa3 (29... Qc6 $5 30. Qxc6 Bxc6 {=/+ _|_ B>N P<<+>>}) 30.
Qxb7 Qxc3 $10 1/2-1/2